| 000 | 00689cam a22002533a 4500 | ||
|---|---|---|---|
| 001 | 32538 | ||
| 003 | PGUSA | ||
| 005 | 20140828083714.0 | ||
| 008 | 100526s2010||||xxu|||||s|||||000 1 eng d | ||
| 040 |
_aPGUSA _beng |
||
| 042 | _adc | ||
| 050 | 4 | _aPH | |
| 100 | 1 |
_aJókai, Mór, _d1825-1904 |
|
| 245 | 1 | 4 |
_aThe Tower of Dago _h[electronic resource] / _cMór Jókai |
| 260 |
_bProject Gutenberg, _c2010 |
||
| 506 | _aPublic domain in the USA. | ||
| 516 | _aElectronic text | ||
| 653 | _aBetrayal -- Fiction | ||
| 653 | _aRevenge -- Fiction | ||
| 653 | _aBrothers -- Fiction | ||
| 830 | 0 |
_aProject Gutenberg _v32538 |
|
| 856 | 4 | 0 | _uhttp://www.gutenberg.org/ebooks/32538 |
| 942 | _cEB | ||
| 999 |
_c261793 _d261793 |
||